000
00277 a2200109 4500
001
55939
082
_a
629.1329 ROS
090
_c
34642
_d
34642
100
_a
Roskam JOHN
245
_a
Airplane flight dynamics;Automatic flight controls
260
_a
USA
_b
Dar-ul-Arshad
_c
1995
942
_a
NUST-CAE
_k
629.1329 ROS
999
_c
291012
_d
291012